Normal view
MARC view
Entry Personal Name
001 - CONTROL NUMBER
- control field: 27701
003 - CONTROL NUMBER IDENTIFIER
- control field: ARRUPE
005 - DATE AND TIME OF LATEST TRANSACTION
- control field: 20161129120601.0
008 - FIXED-LENGTH DATA ELEMENTS
- fixed length control field: 161129|| aca||aabn | a|a d
040 ## - CATALOGING SOURCE
- Original cataloging agency: ARRUPE
- Transcribing agency: ARRUPE
100 ## - HEADING--PERSONAL NAME
- Personal name: McCartney, Murray.
670 ## - SOURCE DATA FOUND
- Source citation: Work cat.: (ARRUPE)0: Zimbabwe International Book Fair Indaba 96 (1996 : Harare, Zimbabwe) 27699, National book policies for Africa :, c1996.